000 00750nam 22002413 4500
001 201720
010 _a978-989-682-877-6
021 _aPT
_b472364/20
090 _a201720
100 _a20260409d u||y0pory50 ba
200 _aAlice no País das Maravilhas
_fLewis Carroll, adaptação e argumento David Chauvel, desenhos e cores Xavier Collette
210 _a[S.l.]
_cLevoir
_dD. L. 2020
215 _a86, [2] p.
_cil. ; encadernado
_d29 cm
225 _aClássicos da Literatura em BD
_h2
606 _aDesenho Artístico
_91586
610 _aBanda Desenhada
675 _a74
_zPT
_vpor
675 _a82/89
700 _92008
_aCarroll
_bLewis
_f1832-1898
701 _917089
_aChauvel
_bDavid
801 _aPT
_bBMMN
_gRPC
830 _cIsabel
990 _cLIVROS